Statistics for Days of the Week in French

Click here to take the quiz!

General Stats

  • This quiz has been taken 1,168 times
  • The average score is 6 of 7

Answer Stats

Hint Answer % Correct
MondayLundi
97%
TuesdayMardi
96%
FridayVendredi
89%
SundayDimanche
89%
WednesdayMercredi
88%
SaturdaySamedi
87%
ThursdayJeudi
83%

Score Distribution

Percentile by Number Answered

Percent of People with Each Score

Your Score History

You have not taken this quiz